000 00864nam a22002177a 4500
005 20240823115127.0
008 240823t ||||| |||| 00| 0 spa d
020 _a9788410565623
040 _aCO-BoUCM
_cDavid Moreno
_dDavid Moreno
041 _aspa
100 1 _aEscalante B., Estanislao
_9182214
245 1 0 _aPolitica criminal transnacional en la lucha contra el crimen organizado
_btransformaciones del proceso penal en las sociedades contemporaneas
_cEstanislao Escalante B.
260 _aBogotá, Colombia
_bTirant lo Blanch
_c2024
300 _a336 Paginas
_bilustraciones y graficas
504 _aIncluye referencias bibliográficas
650 1 4 _aCrimen organizado
_912141
650 1 4 _aPolitica criminal
_921934
650 1 4 _aProcedimiento penal
_97971
942 _2DEWEY
_a8
_cLIBRO
_e1
_h345
_mE74p
_n0
999 _c324584
_d324584